Anna Molly Lyrics- Incubus - Statistics

General Stats
  • This quiz has been taken 5 times
  • The average score is 266 of 278
Answer Stats
Answer % Correct
A
100%
Air
100%
And
100%
Anna
100%
Attic
100%
Back
100%
Be
100%
Better
100%
By
100%
Call
100%
Care
100%
City
100%
Cloud
100%
Compare
100%
Could
100%
Distress
100%
Do
100%
Ever
100%
Eyes
100%
Face
100%
Fate
100%
Fire
100%
From
100%
Girl
100%
Hangs
100%
Here
100%
I
100%
If
100%
I'll
100%
I'm
100%
In
100%
Is
100%
It's
100%
Just
100%
Less
100%
Light
100%
Make
100%
Me
100%
Mess
100%
Might
100%
Molly
100%
My
100%
Name
100%
Not
100%
Of
100%
One
100%
Or
100%
Others
100%
Out
100%
Over
100%
Pass
100%
Persist
100%
Picture
100%
Please
100%
Right
100%
Sea
100%
She
100%
Ships
100%
Sober
100%
Something
100%
Stay
100%
The
100%
the
100%
There
100%
This
100%
Time
100%
Wait
100%
Watch
100%
We
100%
Were
100%
While
100%
Wish
100%
With
100%
Wonder
100%
Wounded
100%
You
100%
Your
100%
As
67%
For
67%
Happiness
67%
Illuminated
67%
Into
67%
Loneliness
67%
Made
67%
Met
67%
Mutes
67%
Need
67%
Now
67%
Prize
67%
Proof
67%
Put
67%
Satelite
67%
Thousand
67%
Together
67%
Well
67%
Couldn't
33%
De-fragmenting
33%
Sail
33%
Up
33%
No matching quizzes found
Score Distribution
Percent of People with Each Score
Percentile by Number Answered
Your Score History
You have not taken this quiz